Loreto College Library, Kolkata
WEBOPAC (ONLINE PUBLIC ACCESS CATALOGUE)

Politics and society during the early medieval period Vol II (Record no. 9470)

MARC details
000 -LEADER
fixed length control field 00643nam a2200205Ia 4500
005 - DATE AND TIME OF LATEST TRANSACTION
control field 20220923144712.0
008 - FIXED-LENGTH DATA ELEMENTS--GENERAL INFORMATION
fixed length control field 131103s9999 xx 000 0 und d
020 ## - ISBN | অাই এস বি এন
PRICE Rs.150
040 ## - CATALOGING SOURCE
Original cataloging agency Loreto College
041 ## - LANGUAGE CODE
Language code English
082 ## - DDC | ডিউই
Classification number | বর্গসংখ্যা 954.02
Book Number | গ্রন্থাঙ্ক NIZ
245 ## - TITLE STATEMENT | অাখ্যা বিবরণী
Title | অাখ্যা Politics and society during the early medieval period Vol II
Sub title | উপঅাখ্যা collected words of Prof. Mohammad Habib
Statement of responsibility | লেখকের দায়িত্বের বিবরণ edited by Prof K.A.Nizami
260 ## - IMPRINT | প্রকাশনা ক্ষেত্র
Place of publication | প্রকাশ স্থান Aligarh
Name of publisher | প্রকাশকের নাম People's Publishing House
Date of publication | প্রকাশ কাল 1981
300 ## - PHYSICAL DESCRIPTION |
Page / Vol. No | পৃষ্ঠা / খন্ড সংখ্যা xxiv,447 p.
504 ## - BIBLIOGRAPHY, ETC. NOTE
Bibliography, etc Includes index and bibliographical references
650 ## - SUBJECT ADDED ENTRY--TOPICAL TERM | বিষয় শিরোনাম - মূল বিষয়
Topical term | মূল বিষয় Medieval History
700 ## - ADDED ENTRY--PERSONAL NAME | অতিরিক্ত সংলেখ - ব্
Personal name | ব্যাক্তিনাম Nizami,K.A.;ed.
850 ## - HOLDING INSTITUTION
Holding institution LCLIB
942 ## - ADDED ENTRY ELEMENTS (KOHA)
Koha item type Books
Holdings
Withdrawn status Lost status Source of classification Damaged status Not for loan Home library Current library Date acquired Total Checkouts Full call number Accession No. Date last seen Date checked out Price effective from Koha item type Coded location qualifier
    Dewey Decimal Classification     Loreto College Loreto College 04/11/2013 7 954.02 NIZ 37896 B19683 29/11/2017 29/11/2017 04/11/2013 Books  
    Dewey Decimal Classification     Loreto College Loreto College 04/11/2013 4 954.02 NIZ 38315 B9347 08/01/2018 08/01/2018 04/11/2013 Books